Малкият Никола - 1 (Запис номер 177019)
[ съкратено ]
| 000 -Лидер | |
|---|---|
| Контролно поле с фиксирана дължина | 01925nam a2200421 c 4500 |
| 003 - Код на организацията, давaща контролен номер | |
| Контролно поле | BLK |
| 005 - Дата и час на последна редакция | |
| Контролно поле | 20250721100832.0 |
| 008 - Елементи от данни с фиксирана дължина | |
| fixed length control field | 180411b bul|||||r ||||||| ||bul|| |
| 010 ## - Наследен системен номер | |
| LC control number | KNG00185655000 |
| 020 ## - Международен стандартен номер на книга ISBN | |
| Международен стандартен номер на книга ISBN | 978-619-150-323-0 |
| -- | издат.: Колибри |
| 040 ## - Източник на каталожния запис | |
| Идентификатор на билиотеката - собственик на записа | BLK |
| 041 ## - Код за език | |
| Код за езика на текст/звукозапис или на отделно заглавие | Български |
| Код за езика КДБФ | Български |
| 072 #7 - Код за тематичната категория | |
| Код организация | bullib |
| Код за тематична категория | Н85 |
| Текст | Детска художествена литература Н |
| 080 ## - УДК | |
| Текстов определител УДК | Френска литература |
| УДК код - определител по УДК | 821.133.1 |
| УДК определител | -93-91 |
| УДК - код + определител | 821.133.1-93-91 |
| 139 ## - Редно поле | |
| Редна дума | Малкият Никола - 1 |
| Авторски знак | Малк - М 23 |
| 245 10 - Сведения за заглавието | |
| Заглавие | Малкият Никола - 1 |
| Подзаглавни данни | Снимка на класа |
| Редно поле (дума) | по Рьоне Госини; по Жан-Жак Семпе; адапт. Еманюел Льопти; прев. от фр. Румяна Димитрова Маркова. |
| 257 ## - Страна на издаване | |
| Страна на създаване/издаване | Франция |
| 260 ## - Област на издателските данни | |
| -- | София |
| Име на издателя, разпространителя и проч. | Колибри |
| Година на издаване | 2014 |
| Печатница | София : Дедракс |
| 300 ## - Физическа характеристика | |
| Страници | 31 с. |
| Илюстрации и др. | с цв. ил. |
| Размери/Мащаб | 19 см |
| 380 ## - Жанр | |
| Жанр | Детска худож. лит. |
| 490 1# - СЕРИИ (Колекции) | |
| Име на серия | Поредица за най-малките Аз се уча да чета |
| 490 1# - СЕРИИ (Колекции) | |
| -- | Подсерия |
| Име на серия | Мога да чета самичък |
| №: серия | Ниво 2 |
| 500 ## - Общи забележки | |
| Забележка | Ориг. загл. Le Petit Nicolas / d'apres l'ouevre de Rene Goscinny et Jean-Jacques Sempe. |
| 653 ## - Ключова дума – ненормативна | |
| Ключова дума | адаптирани книги |
| 653 ## - Ключова дума – ненормативна | |
| Ключова дума | литература за деца |
| 653 ## - Ключова дума – ненормативна | |
| Ключова дума | детска литература |
| 659 ## - Тематичен бюлетин | |
| Тематичен бюлетин | Н |
| 700 1# - Други автори (авторска отговорност) | |
| Лично име | Госини, Рьоне |
| Автороска отговорност (Описва отношението между автора и произведението) | по |
| 9 (RLIN) | 55312 |
| 700 1# - Други автори (авторска отговорност) | |
| Лично име | Семпе, Жан-Жак |
| Автороска отговорност (Описва отношението между автора и произведението) | по |
| 9 (RLIN) | 119652 |
| 700 1# - Други автори (авторска отговорност) | |
| Лично име | Льопти, Еманюел |
| Автороска отговорност (Описва отношението между автора и произведението) | адапт. |
| 9 (RLIN) | 90147 |
| 700 1# - Други автори (авторска отговорност) | |
| Лично име | Маркова, Румяна Димитрова |
| Автороска отговорност (Описва отношението между автора и произведението) | прев. от фр. |
| 9 (RLIN) | 381436 |
| 852 ## - Местоположение | |
| Форматна сигнатура | Цб 278727 |
| 856 4# - Електронен адрес и достъп | |
| Електронен формат | pdf - файл |
| Път до файла /url/ | |
| 856 4# - Електронен адрес и достъп | |
| Електронен формат | pdf - файл |
| Път до файла /url/ | |
| 942 ## - АРТИКУЛИ | |
| Вид на библиотечния материал | Книги |
| Скрит в OPAC | Не |
| Koha issues (borrowed), all copies | 47 |
| 944 ## - СЪЗДАВАНЕ И РЕДАКЦИЯ на ЗАПИСА | |
| Създаване/Редакция | Създаване |
| Дата на регистрацията/редакция | 17.12.2015 |
| Статус, дата на статуса | Моника Янева |
| Служител, извършил регистрацията/редакцията | 30570 |
| 944 ## - СЪЗДАВАНЕ И РЕДАКЦИЯ на ЗАПИСА | |
| Създаване/Редакция | Редакция |
| Дата на регистрацията/редакция | 12.08.2016 |
| Статус, дата на статуса | ф / |
| Служител, извършил регистрацията/редакцията | Пенка_Димитрова |
| 999 ## - СИСТЕМНИ КОНТРОЛНИ НОМЕРА | |
| Koha biblionumber | 177019 |
| Koha biblioitemnumber | 177019 |
| Код за отписване | Код за изгубен артикул | Код за повреда | Коз за рестрикции | Код за отдаване | Артикулен № | Име на библиотеката - собственик | Име на библиотеката, в която се намира в момента | Статус (Текущо местоположение) | Дата на вписване в системата | Местоположение - отдел | Цена в лева | Инвентарен номер | Систематично азбучна сигнатура | Баркод | Номер на екземпляра | Цена в евро | Служебна бележка | Служебен тип на артикула |
|---|---|---|---|---|---|---|---|---|---|---|---|---|---|---|---|---|---|---|
| Не е изгубен | Не е повреден | без рестрикции | заемане за дома | 304468 | Регионална библиотека "Любен Каравелов" Русе | Регионална библиотека "Любен Каравелов" Русе | Детски отдел | 2015-12-18 | Детски отдел | 5.99 | 120000796028 | ДХ 820/899/М 23 | 120000796028 | 1 | 3.06 | Дост: Pk Вид: Ф N: 448 Дата: 14.12.2015 | Книги | |
| Не е изгубен | Не е повреден | без рестрикции | заемане за дома | 304469 | Регионална библиотека "Любен Каравелов" Русе | Регионална библиотека "Любен Каравелов" Русе | Детски отдел | 2015-12-18 | Детски отдел | 5.99 | 120000796029 | ДХ 820/899/М 23 | 120000796029 | 2 | 3.06 | Дост: Pk Вид: Ф N: 448 Дата: 14.12.2015 | Книги | |
| Не е изгубен | Не е повреден | без рестрикции | ползва се в читалня | 304470 | Регионална библиотека "Любен Каравелов" Русе | Регионална библиотека "Любен Каравелов" Русе | Хранилище | 2016-08-11 | Хранилище | 5.99 | 120000802748 | Цб 278727 | 120000802748 | 3 | 3.06 | Дост: Dp Вид: Д N: 26 Дата: 30.05.2016 | Книги |